000 00538nam a2200181Ia 4500
003 GCL
008 140319s9999 xx 000 0 ara d
040 _aGCL /
_cGCL
082 0 4 _a417
_bع ل
100 1 _aعبدالحى عبدالحق
245 1 0 _aلغتنا العربية والسياسية /
_cعبدالحى عبدالحق
260 _a[S.N] :
_bالعربى للنشر والتوزيع
300 _a99 ص
490 _a
650 0 4 _aاللغة العربية
650 0 4 _aاللهجات العربية
942 _2ddc
_cBK
999 _c55444
_d55444